|
|
|
|
| LEADER |
01891nam a2200325 a 4500 |
| 001 |
15840163 |
| 008 |
101207s2010 maua b 001 0 eng d |
| 010 |
|
|
|a 2009029678
|
| 020 |
|
|
|a 9780071267885
|
| 020 |
|
|
|a 9780073511351 (acid-free paper)
|
| 020 |
|
|
|a 0073511358 (acid-free paper)
|
| 040 |
|
|
|a DLC
|c DLC
|d BD-DhAAL
|
| 082 |
0 |
0 |
|a 336.73
|2 22
|
| 100 |
1 |
|
|a Rosen, Harvey S.
|
| 245 |
1 |
0 |
|a Public finance /
|c Harvey S. Rosen, Ted Gayer.
|
| 250 |
|
|
|a 9th ed.
|
| 260 |
|
|
|a Boston, MA :
|b McGraw-Hill/Higher Education,
|c 2010.
|
| 300 |
|
|
|a xxii, 595 p. :
|b ill. ;
|c 27 cm.
|
| 490 |
0 |
|
|a The McGraw-Hill series economics
|
| 504 |
|
|
|a Includes bibliographical references (p. 568-580) and index.
|
| 541 |
1 |
|
|e 00021576
|
| 650 |
|
0 |
|a Finance, Public
|z United States.
|
| 700 |
1 |
|
|a Gayer, Ted,
|d 1970-
|
| 852 |
4 |
|
|a Ayesha Abed Library
|j General Shelf.
|
| 999 |
|
|
|c 10178
|d 10178
|
| 952 |
|
|
|0 0
|1 0
|2 ddc
|4 0
|6 336_730000000000000_ROS
|7 0
|9 13539
|a BRACUL
|b BRACUL
|c GEN
|d 2010-12-08
|e TRIM EDUCATION
|g 2370.00
|l 30
|m 272
|o 336.73 ROS
|p 3010021576
|q 2026-06-02
|r 2026-04-09
|s 2026-04-09
|t 1
|w 2010-12-08
|y BK
|
| 952 |
|
|
|0 0
|1 0
|2 ddc
|4 0
|6 336_730000000000000_ROS
|7 0
|9 13540
|a BRACUL
|b BRACUL
|c GEN
|d 2010-12-08
|e TRIM EDUCATION
|g 2370.00
|l 26
|m 293
|o 336.73 ROS
|p 3010021577
|q 2026-05-20
|r 2026-02-05
|s 2026-02-05
|t 2
|w 2010-12-08
|y BK
|
| 952 |
|
|
|0 0
|1 0
|2 ddc
|4 0
|6 336_730000000000000_ROS
|7 0
|9 13541
|a BRACUL
|b BRACUL
|c GEN
|d 2010-12-08
|e TRIM EDUCATION
|g 2370.00
|l 34
|m 308
|o 336.73 ROS
|p 3010021578
|r 2026-05-19
|s 2026-01-31
|t 3
|w 2010-12-08
|y BK
|
| 952 |
|
|
|0 0
|1 4
|2 ddc
|4 0
|6 336_730000000000000_ROS
|7 0
|9 13542
|a BRACUL
|b BRACUL
|c GEN
|d 2010-12-08
|e TRIM EDUCATION
|g 2370.00
|l 0
|o 336.73 ROS
|p 3010021579
|r 2010-12-08
|t 4
|w 2010-12-08
|y BK
|x Koha Inventory 2020
|
| 952 |
|
|
|0 0
|1 0
|2 ddc
|4 0
|6 336_730000000000000_ROS
|7 0
|9 13543
|a BRACUL
|b BRACUL
|c GEN
|d 2010-12-08
|e TRIM EDUCATION
|g 2370.00
|l 26
|m 279
|o 336.73 ROS
|p 3010021580
|q 2026-04-12
|r 2025-11-08
|s 2025-11-08
|t 5
|w 2010-12-08
|y BK
|